[Event "HEM 2015 B Turnier"]
[Site "Frankfurt-Sossenheim"]
[Date "2015.??.??"]
[Round "1.28"]
[White "Krist, Stephan"]
[Black "John, Volkmar"]
[Result "1/2-1/2"]
[WhiteElo "1326"]
[BlackElo "1770"]
[PlyCount "55"]
[EventDate "2015.??.??"]
[WhiteTeam "SVG Lauterbach"]
[BlackTeam "SK Herborn"]

1. e4 c5 2. Nf3 d6 3. d4 cxd4 4. Nxd4 Nf6 5. Nc3 a6 6. Be2 e5 7. Nb3 Be7 8. Be3
Be6 9. Qd2 Qc7 10. O-O O-O 11. f4 Bc4 12. f5 Bxe2 13. Qxe2 b5 14. a3 Nbd7 15.
Rad1 Rac8 16. Qf3 Rfd8 17. Rd2 Nb6 18. Bxb6 Qxb6+ 19. Kh1 b4 20. axb4 Qxb4 21.
Ra1 Ra8 22. Qd3 a5 23. Ra4 Qb6 24. Nd5 Nxd5 25. Qxd5 Rdb8 26. g4 Qb5 27. Qxb5
Rxb5 28. Rd3 1/2-1/2

[Event "HEM 2015 B Turnier"]
[Site "Frankfurt-Sossenheim"]
[Date "2015.??.??"]
[Round "1.29"]
[White "Willenbring, Jens-Dirk"]
[Black "Pyshny, Anton"]
[Result "1/2-1/2"]
[WhiteElo "1753"]
[BlackElo "1287"]
[PlyCount "53"]
[EventDate "2015.??.??"]
[WhiteTeam "Bad Vilbeler Sfr"]
[BlackTeam "SC Eschborn"]

1. d4 d5 2. c4 c6 3. Nc3 Nf6 4. Nf3 Bf5 5. e3 e6 6. Be2 Be7 7. O-O O-O 8. Ne5
Nbd7 9. f4 Nxe5 10. fxe5 Ne4 11. Nxe4 Bxe4 12. c5 b5 13. Bd3 Bxd3 14. Qxd3 a5
15. Bd2 a4 16. Rf3 f5 17. Rh3 Qe8 18. Qe2 g5 19. Rf3 g4 20. Rff1 Qg6 21. g3 h5
22. Kg2 h4 23. a3 h3+ 24. Kg1 Kg7 25. Qd3 Bg5 26. Rae1 Ra7 27. Kh1 1/2-1/2

[Event "HEM 2015 B Turnier"]
[Site "Frankfurt-Sossenheim"]
[Date "2015.??.??"]
[Round "1.30"]
[White "Bahlke, Florian"]
[Black "Wachsmann, Dietmar"]
[Result "0-1"]
[WhiteElo "1271"]
[BlackElo "1743"]
[PlyCount "118"]
[EventDate "2015.??.??"]
[WhiteTeam "SF Dettingen"]
[BlackTeam "SC Groß-Umstadt"]

1. c4 d6 2. g3 Nf6 3. Bg2 e5 4. Nc3 Be7 5. e4 O-O 6. Nge2 Ne8 7. O-O c6 8. d4
Qc7 9. d5 Nd7 10. b4 c5 11. b5 Nb6 12. Qb3 f5 13. f4 Bf6 14. a4 Bd7 15. a5 Nc8
16. Ra2 g6 17. Bd2 Ng7 18. Rb1 Qd8 19. b6 a6 20. Rf1 Ne7 21. fxe5 Bxe5 22. Bf4
Bxf4 23. Nxf4 g5 24. Nd3 Ng6 25. Raf2 Qe7 26. Qd1 Rf7 27. Qd2 Raf8 28. exf5
Bxf5 29. Re1 Qd8 30. Be4 h6 31. g4 Bxe4 32. Nxe4 Nh4 33. Ref1 Nf3+ 34. Rxf3
Rxf3 35. Rxf3 Rxf3 36. Kg2 Qf8 37. Nxd6 Rxd3 38. Qxd3 Qxd6 39. Qe4 Qf4 40. Qxf4
gxf4 41. Kf3 Kf7 42. Kxf4 Kf6 43. h4 Ne8 44. g5+ hxg5+ 45. hxg5+ Ke7 46. Ke5
Nd6 47. g6 Nxc4+ 48. Kf5 Nxa5 49. d6+ Kf8 50. Ke6 c4 51. d7 Nc6 52. Kd6 c3 53.
Kc7 c2 54. Kxb7 Nd8+ 55. Kc7 c1=Q+ 56. Kxd8 Qc6 57. b7 Qxb7 58. g7+ Kxg7 59.
Ke8 Qc7 0-1

[Event "HEM 2015 B Turnier"]
[Site "Frankfurt-Sossenheim"]
[Date "2015.??.??"]
[Round "1.31"]
[White "Goebel, Knut"]
[Black "Sciurti, Carmine"]
[Result "1-0"]
[WhiteElo "1728"]
[BlackElo "1233"]
[PlyCount "43"]
[EventDate "2015.??.??"]
[WhiteTeam "SC Ober-Ramstadt"]
[BlackTeam "SV Großauheim"]

1. d4 f5 2. Bg5 h6 3. Bh4 g5 4. e4 Nf6 5. Be2 d5 6. Bh5+ Kd7 7. exf5 Nxh5 8.
Qxh5 Nc6 9. Nf3 gxh4 10. O-O Qe8 11. Qxh4 Kd8 12. f6 Qg6 13. Ne5 Nxe5 14. dxe5
Rg8 15. g3 Qg5 16. Qd4 h5 17. Qxd5+ Bd7 18. Rd1 Qg4 19. e6 Qa4 20. Qxd7+ Qxd7
21. Rxd7+ Ke8 22. f7# 1-0

[Event "HEM 2015 B Turnier"]
[Site "Frankfurt-Sossenheim"]
[Date "2015.??.??"]
[Round "1.32"]
[White "Neagu, Liviu"]
[Black "Saluvar, Buelent"]
[Result "0-1"]
[WhiteElo "1229"]
[BlackElo "1718"]
[PlyCount "60"]
[EventDate "2015.??.??"]
[WhiteTeam "SF Friedberg"]
[BlackTeam "SC Münster"]

1. d4 d5 2. c4 c6 3. Nc3 e5 4. dxe5 d4 5. Ne4 Qa5+ 6. Bd2 Qxe5 7. Qc2 Bf5 8. f3
Nd7 9. e3 dxe3 10. Bxe3 Ngf6 11. Bd3 Be7 12. Ne2 Bg6 13. N2g3 O-O 14. O-O Bc5
15. Rfe1 Bxe3+ 16. Rxe3 Qd4 17. Rae1 Nxe4 18. Nxe4 f5 19. Ng5 Rae8 20. Qc1 f4
21. Kh1 Rxe3 22. Rxe3 Qxe3 23. Qxe3 fxe3 24. Be2 Re8 25. g4 Bb1 26. a3 h6 27.
Nh3 Nc5 28. b4 Bd3 29. Nf4 Bxe2 30. Nxe2 Nd3 0-1

[Event "HEM 2015 B Turnier"]
[Site "Frankfurt-Sossenheim"]
[Date "2015.??.??"]
[Round "1.33"]
[White "Engel, Jan"]
[Black "Boehme, Jonas"]
[Result "1/2-1/2"]
[WhiteElo "1715"]
[BlackElo "1095"]
[PlyCount "73"]
[EventDate "2015.??.??"]
[WhiteTeam "Frankfurter TV"]
[BlackTeam "SG Somplar"]

1. d4 f5 2. c4 g6 3. Nc3 Nf6 4. g3 Bg7 5. Bg2 O-O 6. Nf3 d6 7. O-O Qe8 8. Bf4
Nh5 9. Nd5 Na6 10. Bg5 Rf7 11. Qd2 c6 12. Nc3 Qf8 13. h4 h6 14. Be3 f4 15. Bxf4
Nxf4 16. gxf4 Rxf4 17. Qd3 Bf5 18. e4 Bh3 19. Bxh3 Rxf3 20. Be6+ Kh8 21. Qd1
Rf4 22. Qd2 Rxh4 23. f4 Qf6 24. d5 Nc5 25. e5 dxe5 26. fxe5 Qxe5 27. Qf2 Qd4
28. Qxd4 Bxd4+ 29. Kg2 Nxe6 30. dxe6 Bf6 31. Kg3 Rxc4 32. Rad1 h5 33. Rxf6 exf6
34. e7 Re8 35. Rd8 Kg7 36. Rxe8 Kf7 37. Rg8 1/2-1/2

[Event "HEM 2015 B Turnier"]
[Site "Frankfurt-Sossenheim"]
[Date "2015.??.??"]
[Round "1.34"]
[White "Mueller, Nils"]
[Black "Kuenitz, Klaus"]
[Result "1/2-1/2"]
[WhiteElo "1089"]
[BlackElo "1714"]
[PlyCount "69"]
[EventDate "2015.??.??"]
[WhiteTeam "SF Friedberg"]
[BlackTeam "TSV Schott Mainz"]

1. e4 e5 2. Nf3 Nc6 3. Bc4 Be7 4. O-O Nf6 5. Re1 O-O 6. c3 d6 7. d4 Bg4 8. dxe5
Nxe5 9. Nbd2 Nxc4 10. Nxc4 Nd7 11. Bf4 Bf6 12. Qd3 b5 13. Na5 Bxf3 14. Qxf3 Ne5
15. Bxe5 Bxe5 16. Nc6 Qe8 17. Nxe5 dxe5 18. Rad1 Qe7 19. Rd5 c6 20. Rd3 Rfd8
21. Red1 Kf8 22. Qe3 Rxd3 23. Rxd3 Rd8 24. Kf1 Ke8 25. Ke2 Rxd3 26. Qxd3 Qd7
27. Ke3 a5 28. Qxd7+ Kxd7 29. b3 Kd6 30. b4 axb4 31. cxb4 c5 32. a3 h5 33. h4
g6 34. g3 f5 35. exf5 1/2-1/2

[Event "HEM 2015 B Turnier"]
[Site "Frankfurt-Sossenheim"]
[Date "2015.??.??"]
[Round "1.35"]
[White "Will, Steffen"]
[Black "Stier, Ingrid"]
[Result "1-0"]
[WhiteElo "1705"]
[BlackElo "1086"]
[PlyCount "87"]
[EventDate "2015.??.??"]
[WhiteTeam "SC Bad Nauheim"]
[BlackTeam "SVG Lauterbach"]

1. e4 e5 2. Nf3 Nc6 3. d4 Nxd4 4. Nxd4 exd4 5. Qxd4 c5 6. Qd3 Qc7 7. Nc3 Qd6 8.
Qf3 a6 9. Bc4 Qf6 10. Bf4 Ne7 11. Rd1 Ng6 12. Nd5 Qxb2 13. Bb3 Ne5 14. Qg3 d6
15. Bc1 Nd3+ 16. Qxd3 Qe5 17. Nc7+ Ke7 18. Nxa8 b5 19. c4 Bb7 20. f3 Bxa8 21.
O-O b4 22. Rde1 f6 23. f4 Qe6 24. e5 Kf7 25. f5 Qc8 26. e6+ Ke7 27. Bf4 Qc6 28.
Re2 g5 29. fxg6 hxg6 30. Qxg6 Qe8 31. Bxd6+ Kxd6 32. Qxe8 Bc6 33. Rd1+ Kc7 34.
Qf7+ Kb6 35. e7 Bxe7 36. Qxe7 Rc8 37. Qxf6 Ka5 38. Rd6 Bb7 39. Re7 Bc6 40. Qe6
Bb7 41. Rxb7 Rc6 42. a3 Rxd6 43. Qxd6 bxa3 44. Qxc5# 1-0

[Event "HEM 2015 B Turnier"]
[Site "Frankfurt-Sossenheim"]
[Date "2015.??.??"]
[Round "1.36"]
[White "Praetz, Friedrich"]
[Black "Alonzo, Desi"]
[Result "1/2-1/2"]
[WhiteElo "1013"]
[BlackElo "1699"]
[PlyCount "94"]
[EventDate "2015.??.??"]
[WhiteTeam "SVG Lauterbach"]
[BlackTeam "SK Herborn"]

1. e4 c5 2. Nf3 e6 3. Nc3 a6 4. Be2 Nc6 5. d4 cxd4 6. Nxd4 Qc7 7. Be3 Nf6 8.
O-O Be7 9. f4 d6 10. a3 O-O 11. Bf3 e5 12. Nxc6 bxc6 13. f5 Rd8 14. Qe2 a5 15.
Qf2 Rb8 16. Na4 d5 17. Bb6 Rxb6 18. Nxb6 Ba6 19. Rfe1 Rb8 20. Na4 d4 21. b3 c5
22. Kh1 h6 23. g4 Nh7 24. Be2 Bb7 25. Bd3 Bc6 26. Nb2 a4 27. Bc4 Ng5 28. Bd5
axb3 29. Bxc6 Qxc6 30. cxb3 Rxb3 31. Nc4 Nf3 32. Na5 Bh4 33. Qxh4 Nxh4 34. Nxc6
Nf3 35. Reb1 Rc3 36. Rc1 Re3 37. Kg2 Nd2 38. Re1 Rc3 39. Nxe5 f6 40. Nc6 Nf3
41. Kf1 Nxh2+ 42. Kg1 Nf3+ 43. Kf1 Rc2 44. Rec1 Nh2+ 45. Kg1 Nf3+ 46. Kf1 Nh2+
47. Kg1 Nf3+ 1/2-1/2

[Event "HEM 2015 B Turnier"]
[Site "Frankfurt-Sossenheim"]
[Date "2015.??.??"]
[Round "1.37"]
[White "Martens, Nick"]
[Black "Soter, Ehrenfried"]
[Result "1-0"]
[WhiteElo "1697"]
[BlackElo "945"]
[PlyCount "119"]
[EventDate "2015.??.??"]
[WhiteTeam "SF Battenberg"]
[BlackTeam "SC Königsspringer Alzenau"]

1. d4 Nf6 2. c4 e5 3. dxe5 Bb4+ 4. Bd2 Bxd2+ 5. Qxd2 Ne4 6. Qf4 Qg5 7. Qxg5
Nxg5 8. Nc3 c6 9. f4 Ne6 10. f5 Nd4 11. O-O-O Nxf5 12. Rd3 O-O 13. e4 Ne7 14.
Nf3 h6 15. h4 f5 16. exf5 Nxf5 17. Ne4 Na6 18. g4 Nb4 19. Rb3 a5 20. a3 Ne7 21.
axb4 axb4 22. Kd2 b6 23. Be2 c5 24. Nd6 g6 25. Ke3 Kg7 26. h5 g5 27. Nd2 Ra7
28. Rf1 Rxf1 29. Bxf1 Ra1 30. Ke2 Nc6 31. Nf5+ Kh7 32. Bg2 Nxe5 33. Be4 d5 34.
cxd5 Bxf5 35. Bxf5+ Kg7 36. Re3 Kf6 37. Ne4+ Kg7 38. Nd2 Kf6 39. d6 Ra8 40. Nf3
Rd8 41. Nxe5 Rxd6 42. Nc4 Rc6 43. Bd7 Rc7 44. Re6+ Kf7 45. Ne5+ Kf8 46. Rxh6
Ke7 47. Bf5 Kf8 48. Rxb6 c4 49. Rxb4 c3 50. bxc3 Rxc3 51. h6 Rh3 52. h7 Rh2+
53. Kf3 Rh3+ 54. Ke4 Rh1 55. Rb7 Re1+ 56. Kd5 Rd1+ 57. Ke6 Rh1 58. Kf6 Rh6+ 59.
Ng6+ Rxg6+ 60. Kxg6 1-0